| 000 | 00388nam a2200145Ia 4500 | ||
|---|---|---|---|
| 008 | 211118s9999||||xx |||||||||||||| ||und|| | ||
| 082 |
_a823 _bRUS-E |
||
| 100 | _aRushdie, Salman | ||
| 245 | 0 | _aEast, West | |
| 260 |
_bLongman York Press _aEngland _c1995 |
||
| 300 | _a211p | ||
| 630 | _xEnglish NovelGeneral Stack | ||
| 650 |
_aEnglish Literature _vEnglish FictionEnglish |
||
| 942 | _cBOOK | ||
| 999 |
_c96553 _d96553 |
||